Democracy's XI (The Great Indian Cricket History) (Record no. 12449)
[ view plain ]
| 000 -LEADER | |
|---|---|
| fixed length control field | 00292nam a22000977a 4500 |
| 008 - FIXED-LENGTH DATA ELEMENTS--GENERAL INFORMATION | |
| fixed length control field | 231013b |||||||| |||| 00| 0 eng d |
| 020 ## - INTERNATIONAL STANDARD BOOK NUMBER | |
| International Standard Book Number | 9789353450205 |
| 100 ## - MAIN ENTRY--PERSONAL NAME | |
| Personal name | Sardesai Rajdeep |
| 9 (RLIN) | 4670 |
| 245 ## - TITLE STATEMENT | |
| Title | Democracy's XI (The Great Indian Cricket History) |
| 260 ## - PUBLICATION, DISTRIBUTION, ETC. (IMPRINT) | |
| Place of publication, distribution, etc. | New Delhi |
| Name of publisher, distributor, etc. | Juggernet Books |
| Date of publication, distribution, etc. | 2017 |
| Withdrawn status | Lost status | Source of classification or shelving scheme | Damaged status | Koha normalized classification for sorting | Not for loan | Home library | Current library | Shelving location | Date acquired | Total Checkouts | Full call number | Barcode | Date last seen | Price effective from | Koha item type |
|---|---|---|---|---|---|---|---|---|---|---|---|---|---|---|---|
| Dewey Decimal Classification | SAR_796_000000000000000 | Good Samaritan School Library | Good Samaritan School Library | Sports & Games | 10/13/2023 | SAR796 | SAR17662 | 10/13/2023 | 10/13/2023 | BOOK |